• 首页
  • 本馆介绍
  • 公告通知
  • 最新文献
  • 馆藏检索
  • 电子资源
  • 读者导购
  • 参考咨询
  • 我的图书馆
  • 登录
  • 详细信息显示
  • 放入我的书架
  • 预约/预借图书
  • 作者相关作品
  • 分类相关作品
  • 丛书相关作品
  • 出版社相关作品

书目信息

  • 表格格式
  • 工作单格式
  • 卡片格式
题名:
用心取胜
    
 
作者: 尹洪涛 , 张文武 著
分册:  
出版信息: 长春   吉林人民出版社  2005
页数: 333页
开本: 20cm
丛书名:
单 册:
中图分类: F840.62
科图分类:
主题词: 商业心理学--分析--教材 , 商业心理学 , 保险
电子资源:
ISBN: 7-206-03032-7
000 00949nam0 2200289 45
001 012005200135
005 20061214112510.04
010    @a7-206-03032-7@dCNY26.90
092    @aCN@b471187
100    @a20051017d2005 em y0chiy0120 ea
101 0  @achi
102    @aCN@b220000
105    @ay z 000yy
200 1  @a用心取胜@9yong xin qu sheng@e寿险营销心理分析@f尹洪涛,张文武著
205    @a2版
210    @a长春@c吉林人民出版社@d2005
215    @a333页@d20cm
330    @a本书着重探讨了市场消费需求与消费结构、影响营销活动的因素、消费环境的心理因素、营销人员的心理素质与推销技巧等,在此基础上突出了一系列营销策略。
517 1  @a寿险营销心理分析@9shou xian ying xiao xin li fen xi
606 0  @a商业心理学@x分析@j教材
606 0  @a商业心理学
606 0  @a保险
690    @aF840.62@v4
701  0 @a尹洪涛@9yin hong tao@4著
701  0 @a张文武@9zhang wen wu@4著
801  0 @aCN@bLZJBOOK@c20061214
905    @a10447@dF840.62@e14=2
    
    用心取胜:寿险营销心理分析/尹洪涛,张文武著.-2版.-长春:吉林人民出版社,2005
    333页;20cm
    
    
    ISBN 7-206-03032-7:CNY26.90
    本书着重探讨了市场消费需求与消费结构、影响营销活动的因素、消费环境的心理因素、营销人员的心理素质与推销技巧等,在此基础上突出了一系列营销策略。
●
相关链接 在E读中查询图书 在五车中查询图书 在当当中查询图书 在豆瓣中查询图书


正题名:用心取胜     索取号:F840.62/14=2         预约/预借

序号 登录号 条形码 馆藏地/架位号 状态 备注
1 0550474   205504747   第一样本阅览室/ [索取号:F840.62/14=2] 在馆    
2 0550475   205504756   第一借阅区/ [索取号:F840.62/14=2] 在馆    
3 0550476   205504765   第一借阅区/ [索取号:F840.62/14=2] 在馆    
4 0550477   205504774   第一借阅区/ [索取号:F840.62/14=2] 在馆    
5 0550478   205504783   第一借阅区/ [索取号:F840.62/14=2] 在馆    
6 0550479   205504792   第一借阅区/ [索取号:F840.62/14=2] 在馆    
7 0550480   205504809   第一借阅区/ [索取号:F840.62/14=2] 在馆    
8 0550481   205504818   第一借阅区/ [索取号:F840.62/14=2] 在馆    
唐山师范学院图书馆 欢迎您!
大连网信软件有限公司© 版权所有